How Many Canada Cities Can You Name In 20 Minutes - Statistics

General Stats
  • This quiz has been taken 216 times
  • The average score is 8 of 15
Answer Stats
Answer % Correct
In Ontario Toronto
97%
In British Columbia Vancouver
90%
In Ontario Ottawa
84%
In Alberta Calgary
81%
In Quebec Quebec City
74%
In Saskatchewan Regina
67%
In Nova Scotia Halifax
65%
In Saskatchewan Saskatoon
61%
In Newfoundland and Labrador St. Johns
57%
In Ontario Hamilton
47%
In Ontario London
47%
In British Columbia Kelowna
30%
In Alberta Fort McMurray
22%
In Nova Scotia Truro
17%
In Prince Edward Island Souris
7%
No matching quizzes found
Score Distribution
Percent of People with Each Score
Percentile by Number Answered
Your Score History
You have not taken this quiz